000 01008cam a22002651i 4500
003 SA-RiAUC
005 20250712145158.0
008 250711s2004 le g 00000 ara c
040 _aJU
_bara
_cSA-RiAUC
_erda
082 0 4 _a252.5
090 _a252.5
_bن و و
100 1 _aنووي الجاوي، محمد بن عمر بن عربي،
_d1230-1316 هجري
_eمؤلف.
245 1 0 _aفتح المجيب في شرح مختصر الخطيب :
_bالحج والعمرة /
_cمحمد نووي بن عمر الجاوي.
246 3 0 _aشرح مختصر الخطيب
264 1 _aبيروت :
_bدار ابن حزم،
_c2004
300 _a200 صفحة،
_c24 سم.
336 _aنص
_btxt
_2rdacontent
_3كتاب
337 _aبدون وسيط
_bn
_2rdamedia
338 _aمجلد
_bnc
_2rdacarrier
650 7 _aالحج
_2aucsh
650 7 _aالحج (فقه إسلامي)
_xمناسك
_2aucsh
740 0 _aمختصر الخطيب.
942 _2ddc
_cBOOK
_n0
949 _aSA-JeALM
_d250711
_umohamedma123
_n1
999 _c9805
_d9805